[Event "Mittelfranken-ch QT"]
[Site "Nuremberg"]
[Date "2015.04.03"]
[Round "6"]
[White "Gets, Alexej"]
[Black "Mueller, Ludwig"]
[Result "1/2-1/2"]
[WhiteElo "1643"]
[BlackElo "1601"]
[PlyCount "49"]
[EventDate "2015.04.01"]
[EventType "swiss"]
[EventRounds "7"]
[EventCountry "GER"]
[SourceTitle "CBM 166 Extra"]
[Source "ChessBase"]
[SourceDate "2015.06.18"]
[SourceVersion "1"]
[SourceVersionDate "2015.06.18"]
[SourceQuality "1"]

1. e4 b6 2. d4 Bb7 3. Nc3 e6 4. Nf3 Bb4 5. Bd3 Nf6 6. Bg5 h6 7. Bh4 g5 8. Nxg5 hxg5 9. Bxg5 Be7 10. Qd2 d5 11. e5 Ne4 12. Bxe7 Qxe7 13. Bxe4 dxe4 14. Qe3 Qh4 15. 0-0-0 Qh6 16. Rde1 Qxe3+ 17. Rxe3 Nc6 18. Rxe4 0-0-0 19. Ne2 Nxd4 20. Rxd4 Rxd4 21. Nxd4 Bxg2 22. Rg1 Rxh2 23. c4 Rh1 24. Rxh1 Bxh1 25. Kd2 1/2-1/2